[Event "European Chess Club Cup 2023"]
[Site "Durres, Albania"]
[Date "2023.10.07"]
[Round "7.62"]
[White "Wadsworth, Matthew J"]
[Black "Pijpers, Arthur"]
[Result "1/2-1/2"]
[TimeControl "90' + 30' & 30\""]
[WhiteElo "2446"]
[BlackElo "2433"]

1. c4 {[%clk 01:30:52]} {[%emt 00:00:07]} g6 {[%clk 01:30:56]} {[%emt
00:00:05]} 2. g3 {[%clk 01:31:06]} {[%emt 00:00:16]} c5 {[%clk 01:31:10]}
{[%emt 00:00:15]} 3. Bg2 {[%clk 01:31:26]} {[%emt 00:00:11]} Bg7 {[%clk
01:31:35]} {[%emt 00:00:04]} 4. Nc3 {[%clk 01:31:51]} {[%emt 00:00:05]} Nf6
{[%clk 01:31:52]} {[%emt 00:00:14]} 5. e4 {[%clk 01:31:05]} {[%emt 00:01:16]}
Nc6 {[%clk 01:31:28]} {[%emt 00:00:53]} 6. Nge2 {[%clk 01:30:38]} {[%emt
00:00:58]} O-O {[%clk 01:31:41]} {[%emt 00:00:17]} 7. O-O {[%clk 01:30:36]}
{[%emt 00:00:32]} d6 {[%clk 01:31:43]} {[%emt 00:00:27]} 8. d3 {[%clk
01:30:40]} {[%emt 00:00:27]} a6 {[%clk 01:31:51]} {[%emt 00:00:22]} 9. h3
{[%clk 01:29:32]} {[%emt 00:01:37]} Rb8 {[%clk 01:32:08]} {[%emt 00:00:13]} 10.
a4 {[%clk 01:29:43]} {[%emt 00:00:20]} Ne8 {[%clk 01:32:28]} {[%emt 00:00:10]}
11. Be3 {[%clk 01:29:32]} {[%emt 00:00:41]} b5 {[%clk 01:32:19]} {[%emt
00:00:38]} 12. axb5 {[%clk 01:23:57]} {[%emt 00:06:06]} axb5 {[%clk 01:32:28]}
{[%emt 00:00:21]} 13. Nxb5 {[%clk 01:22:52]} {[%emt 00:01:35]} Nc7 {[%clk
01:30:13]} {[%emt 00:02:45]} 14. Nec3 {[%clk 01:19:05]} {[%emt 00:04:17]} Nxb5
{[%clk 01:30:27]} {[%emt 00:00:15]} 15. Nxb5 {[%clk 01:18:54]} {[%emt
00:00:41]} Bxb2 {[%clk 01:30:15]} {[%emt 00:00:42]} 16. Bh6 {[%clk 01:04:15]}
{[%emt 00:15:10]} Bxa1 {[%clk 01:03:34]} {[%emt 00:27:11]} 17. Qxa1 {[%clk
01:04:02]} {[%emt 00:00:42]} e5 {[%clk 01:03:58]} {[%emt 00:00:06]} 18. f4
{[%clk 00:55:59]} {[%emt 00:08:33]} Re8 {[%clk 00:57:44]} {[%emt 00:06:44]} 19.
f5 {[%clk 00:55:35]} {[%emt 00:00:56]} Nd4 {[%clk 00:47:54]} {[%emt 00:10:19]}
20. Nxd4 {[%clk 00:29:16]} {[%emt 00:26:49]} cxd4 {[%clk 00:48:07]} {[%emt
00:00:16]} 21. Qc1 {[%clk 00:26:32]} {[%emt 00:03:14]} gxf5 {[%clk 00:39:06]}
{[%emt 00:09:31]} 22. exf5 {[%clk 00:22:25]} {[%emt 00:04:37]} f6 {[%clk
00:39:31]} {[%emt 00:00:05]} 23. c5 {[%clk 00:20:16]} {[%emt 00:02:40]} d5
{[%clk 00:39:12]} {[%emt 00:00:49]} 24. c6 {[%clk 00:17:16]} {[%emt 00:03:30]}
Rb5 {[%clk 00:34:53]} {[%emt 00:04:49]} 25. Qd1 {[%clk 00:17:22]} {[%emt
00:00:25]} Qc7 {[%clk 00:30:01]} {[%emt 00:05:21]} 26. Qh5 {[%clk 00:15:31]}
{[%emt 00:02:20]} Qf7 {[%clk 00:30:03]} {[%emt 00:00:28]} 27. Qh4 {[%clk
00:13:45]} {[%emt 00:02:17]} Kh8 {[%clk 00:18:30]} {[%emt 00:12:03]} 28. g4
{[%clk 00:13:53]} {[%emt 00:00:21]} Rc5 {[%clk 00:10:10]} {[%emt 00:08:50]} 29.
c7 {[%clk 00:09:30]} {[%emt 00:04:54]} Rxc7 {[%clk 00:04:23]} {[%emt 00:06:18]}
30. Bxd5 {[%clk 00:09:36]} {[%emt 00:00:24]} Qxd5 {[%clk 00:04:40]} {[%emt
00:00:12]} 31. Qxf6+ {[%clk 00:09:59]} {[%emt 00:00:07]} Kg8 {[%clk 00:05:07]}
{[%emt 00:00:03]} 32. Qg5+ {[%clk 00:10:22]} {[%emt 00:00:07]} Kh8 {[%clk
00:05:34]} {[%emt 00:00:03]} 33. Qf6+ {[%clk 00:10:48]} {[%emt 00:00:04]}
1/2-1/2

[Event "European Chess Club Cup 2023"]
[Site "Durres, Albania"]
[Date "2023.10.07"]
[Round "7.63"]
[White "Van Haastert, Edwin"]
[Black "Willow, Jonah B"]
[Result "1/2-1/2"]
[TimeControl "90' + 30' & 30\""]
[WhiteElo "2427"]
[BlackElo "2425"]

1. e4 {[%clk 01:30:57]} {[%emt 00:00:02]} e5 {[%clk 01:29:27]} {[%emt
00:01:34]} 2. Nf3 {[%clk 01:31:18]} {[%emt 00:00:08]} Nc6 {[%clk 01:29:52]}
{[%emt 00:00:05]} 3. Bb5 {[%clk 01:31:30]} {[%emt 00:00:17]} a6 {[%clk
01:30:16]} {[%emt 00:00:07]} 4. Ba4 {[%clk 01:31:54]} {[%emt 00:00:05]} Nf6
{[%clk 01:29:49]} {[%emt 00:00:58]} 5. O-O {[%clk 01:32:15]} {[%emt 00:00:08]}
Nxe4 {[%clk 01:30:14]} {[%emt 00:00:05]} 6. d4 {[%clk 01:32:22]} {[%emt
00:00:25]} Be7 {[%clk 01:30:37]} {[%emt 00:00:07]} 7. Re1 {[%clk 01:31:58]}
{[%emt 00:00:55]} b5 {[%clk 01:30:33]} {[%emt 00:00:33]} 8. Rxe4 {[%clk
01:32:16]} {[%emt 00:00:11]} d5 {[%clk 01:30:58]} {[%emt 00:00:05]} 9. Nxe5
{[%clk 01:32:35]} {[%emt 00:00:11]} Nxe5 {[%clk 01:31:19]} {[%emt 00:00:09]} 10.
Rxe5 {[%clk 01:33:00]} {[%emt 00:00:05]} bxa4 {[%clk 01:31:45]} {[%emt
00:00:04]} 11. Qe2 {[%clk 01:26:53]} {[%emt 00:06:37]} c6 {[%clk 01:30:30]}
{[%emt 00:01:45]} 12. Nc3 {[%clk 01:27:08]} {[%emt 00:00:15]} Ra7 {[%clk
01:27:55]} {[%emt 00:03:05]} 13. Bd2 {[%clk 01:13:56]} {[%emt 00:13:41]} O-O
{[%clk 01:13:35]} {[%emt 00:14:51]} 14. Re1 {[%clk 01:13:59]} {[%emt 00:00:27]}
Be6 {[%clk 01:11:40]} {[%emt 00:02:25]} 15. Qd3 {[%clk 01:06:21]} {[%emt
00:08:08]} Qb6 {[%clk 00:40:06]} {[%emt 00:32:03]} 16. Nxa4 {[%clk 01:03:43]}
{[%emt 00:03:09]} Qb5 {[%clk 00:40:29]} {[%emt 00:00:07]} 17. b3 {[%clk
00:55:06]} {[%emt 00:09:07]} Qxd3 {[%clk 00:40:29]} {[%emt 00:00:30]} 18. cxd3
{[%clk 00:55:34]} {[%emt 00:00:02]} Bf6 {[%clk 00:40:38]} {[%emt 00:00:21]} 19.
R5e2 {[%clk 00:55:23]} {[%emt 00:00:40]} Bxd4 {[%clk 00:40:52]} {[%emt
00:00:18]} 20. Bb4 {[%clk 00:54:13]} {[%emt 00:01:39]} Rb8 {[%clk 00:39:15]}
{[%emt 00:02:06]} 21. Bc5 {[%clk 00:54:06]} {[%emt 00:00:38]} Bxc5 {[%clk
00:39:41]} {[%emt 00:00:05]} 22. Nxc5 {[%clk 00:54:31]} {[%emt 00:00:04]} a5
{[%clk 00:40:08]} {[%emt 00:00:04]} 23. Kf1 {[%clk 00:47:39]} {[%emt 00:07:21]}
Kf8 {[%clk 00:37:21]} {[%emt 00:03:16]} 24. Nxe6+ {[%clk 00:47:40]} {[%emt
00:00:29]} fxe6 {[%clk 00:37:50]} {[%emt 00:00:02]} 25. Rxe6 {[%clk 00:48:02]}
{[%emt 00:00:09]} a4 {[%clk 00:37:24]} {[%emt 00:00:56]} 26. Rxc6 {[%clk
00:45:20]} {[%emt 00:03:11]} axb3 {[%clk 00:37:47]} {[%emt 00:00:07]} 27. axb3
{[%clk 00:45:46]} {[%emt 00:00:04]} Rxb3 {[%clk 00:38:04]} {[%emt 00:00:13]} 28.
Re3 {[%clk 00:41:22]} {[%emt 00:04:54]} Ra1+ {[%clk 00:37:03]} {[%emt
00:01:31]} 29. Ke2 {[%clk 00:41:47]} {[%emt 00:00:05]} Ra2+ {[%clk 00:36:31]}
{[%emt 00:01:02]} 30. Kf3 {[%clk 00:42:11]} {[%emt 00:00:06]} Rbb2 {[%clk
00:34:23]} {[%emt 00:02:38]} 31. Rc8+ {[%clk 00:42:20]} {[%emt 00:00:21]}
1/2-1/2

[Event "European Chess Club Cup 2023"]
[Site "Durres, Albania"]
[Date "2023.10.07"]
[Round "7.65"]
[White "Bosman, Michiel"]
[Black "O`Donnell, Conor"]
[Result "1/2-1/2"]
[TimeControl "90' + 30' & 30\""]
[WhiteElo "2366"]
[BlackElo "2308"]

1. d4 {[%clk 01:30:58]} {[%emt 00:00:01]} Nf6 {[%clk 01:30:48]} {[%emt
00:00:12]} 2. c4 {[%clk 01:30:59]} {[%emt 00:00:29]} e6 {[%clk 01:31:07]}
{[%emt 00:00:11]} 3. Nf3 {[%clk 01:30:44]} {[%emt 00:00:46]} d5 {[%clk
01:31:23]} {[%emt 00:00:12]} 4. g3 {[%clk 01:30:19]} {[%emt 00:00:55]} Be7
{[%clk 01:31:24]} {[%emt 00:00:29]} 5. Bg2 {[%clk 01:30:26]} {[%emt 00:00:24]}
O-O {[%clk 01:31:22]} {[%emt 00:00:31]} 6. Nc3 {[%clk 01:30:21]} {[%emt
00:00:44]} dxc4 {[%clk 01:31:14]} {[%emt 00:00:29]} 7. Ne5 {[%clk 01:30:33]}
{[%emt 00:00:20]} c5 {[%clk 01:31:20]} {[%emt 00:00:22]} 8. dxc5 {[%clk
01:28:50]} {[%emt 00:02:14]} Qxd1+ {[%clk 01:31:30]} 9. Nxd1 {[%clk 01:29:16]}
{[%emt 00:00:25]} Bxc5 {[%clk 01:31:28]} {[%emt 00:00:31]} 10. O-O {[%clk
01:18:12]} {[%emt 00:11:34]} Nc6 {[%clk 01:31:03]} {[%emt 00:00:54]} 11. Bxc6
{[%clk 01:13:19]} {[%emt 00:05:24]} bxc6 {[%clk 01:31:16]} {[%emt 00:00:16]} 12.
Be3 {[%clk 01:13:12]} {[%emt 00:00:37]} Bxe3 {[%clk 01:31:17]} {[%emt
00:00:28]} 13. Nxe3 {[%clk 01:13:39]} {[%emt 00:00:05]} c3 {[%clk 01:31:26]}
{[%emt 00:00:20]} 14. bxc3 {[%clk 01:11:41]} {[%emt 00:02:29]} Nd5 {[%clk
01:31:37]} {[%emt 00:00:18]} 15. Nd1 {[%clk 01:00:31]} {[%emt 00:11:40]} Ba6
{[%clk 01:29:32]} {[%emt 00:02:35]} 16. c4 {[%clk 00:56:02]} {[%emt 00:05:01]}
Nb6 {[%clk 01:26:16]} {[%emt 00:03:44]} 17. Ne3 {[%clk 00:56:01]} {[%emt
00:00:32]} f6 {[%clk 01:20:47]} {[%emt 00:05:58]} 18. Nxc6 {[%clk 00:55:36]}
{[%emt 00:00:56]} Nxc4 {[%clk 01:20:58]} {[%emt 00:00:18]} 19. Nc2 {[%clk
00:40:33]} {[%emt 00:15:35]} Bb7 {[%clk 01:17:50]} {[%emt 00:03:36]} 20. N2d4
{[%clk 00:36:59]} {[%emt 00:04:05]} e5 {[%clk 01:01:36]} {[%emt 00:16:43]} 21.
Rfc1 {[%clk 00:36:15]} {[%emt 00:01:14]} Nd6 {[%clk 00:53:43]} {[%emt
00:08:22]} 22. Ne6 {[%clk 00:13:25]} {[%emt 00:23:21]} Rf7 {[%clk 00:54:06]}
{[%emt 00:00:08]} 23. Rab1 {[%clk 00:06:23]} {[%emt 00:07:32]} Ba6 {[%clk
00:42:14]} {[%emt 00:12:22]} 24. Ncd8 {[%clk 00:03:45]} {[%emt 00:03:08]} Rd7
{[%clk 00:40:03]} {[%emt 00:02:40]} 25. Nc5 {[%clk 00:03:59]} {[%emt 00:00:17]}
Raxd8 {[%clk 00:39:32]} {[%emt 00:01:00]} 26. Nxa6 {[%clk 00:04:23]} {[%emt
00:00:07]} Nf5 {[%clk 00:35:08]} {[%emt 00:04:53]} 27. Rc2 {[%clk 00:03:57]}
{[%emt 00:00:57]} e4 {[%clk 00:32:24]} {[%emt 00:03:14]} 28. e3 {[%clk
00:03:47]} {[%emt 00:00:40]} Rd2 {[%clk 00:29:17]} {[%emt 00:03:36]} 29. Rbc1
{[%clk 00:03:49]} {[%emt 00:00:29]} Ne7 {[%clk 00:23:59]} {[%emt 00:05:47]} 30.
Nc5 {[%clk 00:03:31]} {[%emt 00:00:49]} Rxc2 {[%clk 00:22:36]} {[%emt
00:01:52]} 31. Rxc2 {[%clk 00:04:01]} Rc8 {[%clk 00:22:57]} {[%emt 00:00:09]}
32. Kf1 {[%clk 00:04:16]} {[%emt 00:00:15]} f5 {[%clk 00:22:05]} {[%emt
00:01:22]} 33. Ke2 {[%clk 00:04:36]} {[%emt 00:00:10]} Kf7 {[%clk 00:19:28]}
{[%emt 00:03:07]} 34. h4 {[%clk 00:04:55]} {[%emt 00:00:11]} Nd5 {[%clk
00:18:56]} {[%emt 00:01:02]} 35. Kd2 {[%clk 00:03:20]} {[%emt 00:02:05]} Ke7
{[%clk 00:15:55]} {[%emt 00:03:30]} 36. a3 {[%clk 00:03:27]} {[%emt 00:00:24]}
Rb8 {[%clk 00:14:43]} {[%emt 00:01:41]} 37. Na6 {[%clk 00:03:30]} {[%emt
00:00:28]} Rb3 {[%clk 00:13:53]} {[%emt 00:01:20]} 38. Nb4 {[%clk 00:03:31]}
{[%emt 00:00:29]} Nxb4 {[%clk 00:12:27]} {[%emt 00:01:55]} 39. axb4 {[%clk
00:03:53]} {[%emt 00:00:09]} Rxb4 {[%clk 00:10:56]} {[%emt 00:02:00]} 40. Rc7+
{[%clk 00:04:18]} {[%emt 00:00:05]} Kf6 {[%clk 00:11:20]} {[%emt 00:00:06]} 41.
Rxa7 {[%clk 00:04:45]} {[%emt 00:00:05]} 1/2-1/2

[Event "European Chess Club Cup 2023"]
[Site "Durres, Albania"]
[Date "2023.10.07"]
[Round "7.66"]
[White "Stoyanov, Viktor"]
[Black "Willemze, Thomas"]
[Result "0-1"]
[TimeControl "90' + 30' & 30\""]
[WhiteElo "2304"]
[BlackElo "2351"]

1. d4 {[%clk 01:30:54]} {[%emt 00:00:05]} d5 {[%clk 01:30:54]} {[%emt
00:00:06]} 2. c4 {[%clk 01:31:15]} {[%emt 00:00:09]} e6 {[%clk 01:31:20]}
{[%emt 00:00:05]} 3. Nf3 {[%clk 01:31:38]} {[%emt 00:00:07]} c5 {[%clk
01:31:42]} {[%emt 00:00:07]} 4. cxd5 {[%clk 01:31:59]} {[%emt 00:00:09]} exd5
{[%clk 01:32:05]} {[%emt 00:00:08]} 5. g3 {[%clk 01:32:20]} {[%emt 00:00:08]}
Nf6 {[%clk 01:32:13]} {[%emt 00:00:22]} 6. Bg2 {[%clk 01:28:23]} {[%emt
00:04:27]} h6 {[%clk 01:32:21]} {[%emt 00:00:23]} 7. O-O {[%clk 01:28:03]}
{[%emt 00:00:50]} Nc6 {[%clk 01:32:47]} {[%emt 00:00:04]} 8. Nc3 {[%clk
01:23:45]} {[%emt 00:04:46]} Be6 {[%clk 01:33:04]} {[%emt 00:00:14]} 9. b3
{[%clk 01:22:40]} {[%emt 00:01:36]} Rc8 {[%clk 01:33:21]} {[%emt 00:00:13]} 10.
Bb2 {[%clk 01:22:51]} {[%emt 00:00:19]} Be7 {[%clk 01:33:43]} {[%emt 00:00:07]}
11. Rc1 {[%clk 01:20:53]} {[%emt 00:02:28]} O-O {[%clk 01:34:04]} {[%emt
00:00:10]} 12. dxc5 {[%clk 01:19:35]} {[%emt 00:01:47]} Bxc5 {[%clk 01:34:31]}
{[%emt 00:00:03]} 13. Na4 {[%clk 01:16:46]} {[%emt 00:03:18]} Be7 {[%clk
01:34:35]} {[%emt 00:00:28]} 14. Nd4 {[%clk 01:13:40]} {[%emt 00:03:36]} Nxd4
{[%clk 01:34:59]} {[%emt 00:00:06]} 15. Bxd4 {[%clk 01:13:15]} {[%emt
00:00:55]} Qa5 {[%clk 01:35:02]} {[%emt 00:00:26]} 16. Qe1 {[%clk 01:11:46]}
{[%emt 00:01:59]} Bb4 {[%clk 01:31:53]} {[%emt 00:03:40]} 17. Qd1 {[%clk
01:12:05]} {[%emt 00:00:11]} Ne4 {[%clk 01:31:21]} {[%emt 00:01:02]} 18. Rxc8
{[%clk 01:11:03]} {[%emt 00:01:31]} Rxc8 {[%clk 01:31:35]} {[%emt 00:00:16]} 19.
Qa1 {[%clk 01:11:27]} {[%emt 00:00:06]} b5 {[%clk 01:25:26]} {[%emt 00:06:39]}
20. a3 {[%clk 01:07:45]} {[%emt 00:04:12]} Bf8 {[%clk 01:24:24]} {[%emt
00:01:32]} 21. f3 {[%clk 01:07:45]} {[%emt 00:00:31]} Nd2 {[%clk 01:03:01]}
{[%emt 00:21:53]} 22. Bc3 {[%clk 01:08:02]} {[%emt 00:00:12]} Nxb3 {[%clk
01:03:15]} {[%emt 00:00:17]} 23. Bxa5 {[%clk 01:08:07]} {[%emt 00:00:24]} Nxa1
{[%clk 01:03:40]} {[%emt 00:00:06]} 24. Rxa1 {[%clk 01:07:21]} {[%emt
00:01:14]} bxa4 {[%clk 01:04:06]} {[%emt 00:00:05]} 25. f4 {[%clk 01:05:15]}
{[%emt 00:02:36]} Rc2 {[%clk 01:01:20]} {[%emt 00:03:16]} 26. Bf3 {[%clk
01:02:49]} {[%emt 00:02:56]} d4 {[%clk 01:00:33]} {[%emt 00:01:18]} 27. Kf1
{[%clk 00:58:04]} {[%emt 00:05:15]} d3 {[%clk 00:42:48]} {[%emt 00:18:15]} 28.
Ke1 {[%clk 00:52:02]} {[%emt 00:06:31]} dxe2 {[%clk 00:39:39]} {[%emt
00:03:39]} 29. Bxe2 {[%clk 00:52:19]} {[%emt 00:00:12]} g6 {[%clk 00:39:53]}
{[%emt 00:00:17]} 30. Bd2 {[%clk 00:50:42]} {[%emt 00:02:07]} Rc8 {[%clk
00:34:20]} {[%emt 00:06:04]} 31. Bb5 {[%clk 00:49:31]} {[%emt 00:01:40]} Bb3
{[%clk 00:34:30]} {[%emt 00:00:21]} 32. Be3 {[%clk 00:47:14]} {[%emt 00:02:46]}
Rb8 {[%clk 00:31:19]} {[%emt 00:03:41]} 33. Be2 {[%clk 00:44:33]} {[%emt
00:03:09]} Bg7 {[%clk 00:31:09]} {[%emt 00:00:42]} 34. Rb1 {[%clk 00:43:50]}
{[%emt 00:01:13]} a5 {[%clk 00:30:37]} {[%emt 00:01:02]} 35. Bd2 {[%clk
00:42:27]} {[%emt 00:01:53]} Bf8 {[%clk 00:30:32]} {[%emt 00:00:36]} 36. Ra1
{[%clk 00:42:41]} {[%emt 00:00:15]} Ra8 {[%clk 00:27:31]} {[%emt 00:03:31]} 37.
g4 {[%clk 00:42:21]} {[%emt 00:00:50]} Bd6 {[%clk 00:26:41]} {[%emt 00:01:21]}
38. h3 {[%clk 00:42:05]} {[%emt 00:00:45]} Re8 {[%clk 00:26:10]} {[%emt
00:01:01]} 39. Kf1 {[%clk 00:42:23]} {[%emt 00:00:12]} Re4 {[%clk 00:25:41]}
{[%emt 00:00:59]} 40. f5 {[%clk 00:31:02]} {[%emt 00:11:51]} gxf5 {[%clk
00:24:57]} {[%emt 00:01:15]} 41. gxf5 {[%clk 00:31:05]} {[%emt 00:00:28]} Re5
{[%clk 00:24:00]} {[%emt 00:01:27]} 42. Bd3 {[%clk 00:31:10]} {[%emt 00:00:24]}
Bf8 {[%clk 00:16:32]} {[%emt 00:07:58]} 43. Bf4 {[%clk 00:27:46]} {[%emt
00:03:54]} Rd5 {[%clk 00:15:05]} {[%emt 00:01:57]} 44. Ke2 {[%clk 00:28:07]}
{[%emt 00:00:09]} f6 {[%clk 00:15:11]} {[%emt 00:00:24]} 45. Rb1 {[%clk
00:25:05]} {[%emt 00:03:33]} Rd4 {[%clk 00:12:40]} {[%emt 00:03:01]} 46. Rg1+
{[%clk 00:24:50]} {[%emt 00:00:44]} Kf7 {[%clk 00:13:05]} {[%emt 00:00:06]} 47.
Bc1 {[%clk 00:25:13]} {[%emt 00:00:07]} Bc4 {[%clk 00:11:27]} {[%emt 00:02:07]}
48. Rg3 {[%clk 00:23:22]} {[%emt 00:02:21]} h5 {[%clk 00:07:34]} {[%emt
00:04:24]} 49. Bxc4+ {[%clk 00:18:22]} {[%emt 00:05:29]} Rxc4 {[%clk 00:08:00]}
{[%emt 00:00:04]} 50. Bd2 {[%clk 00:18:42]} {[%emt 00:00:11]} Rc2 {[%clk
00:07:19]} {[%emt 00:01:11]} 51. Kd1 {[%clk 00:17:38]} {[%emt 00:01:33]} Ra2
{[%clk 00:03:58]} {[%emt 00:03:52]} 52. Rc3 {[%clk 00:16:50]} {[%emt 00:01:17]}
Bxa3 {[%clk 00:30:30]} {[%emt 00:03:57]} 53. Rc7+ {[%clk 00:47:09]} {[%emt
00:00:11]} Be7 {[%clk 00:30:52]} {[%emt 00:00:08]} 54. Bxa5 {[%clk 00:47:31]}
{[%emt 00:00:08]} Rb2 {[%clk 00:31:16]} {[%emt 00:00:07]} 55. Bc3 {[%clk
00:47:35]} {[%emt 00:00:25]} Rb5 {[%clk 00:31:12]} {[%emt 00:00:35]} 56. Ra7
{[%clk 00:47:24]} {[%emt 00:00:41]} a3 {[%clk 00:31:22]} {[%emt 00:00:21]} 57.
Kd2 {[%clk 00:45:46]} {[%emt 00:02:08]} Rd5+ {[%clk 00:28:44]} {[%emt
00:03:08]} 58. Ke3 {[%clk 00:45:22]} {[%emt 00:00:53]} Rd1 {[%clk 00:26:52]}
{[%emt 00:02:22]} 59. Bb4 {[%clk 00:44:56]} {[%emt 00:00:56]} a2 {[%clk
00:26:39]} {[%emt 00:00:44]} 60. Rxe7+ {[%clk 00:45:20]} {[%emt 00:00:05]} Kg8
{[%clk 00:27:04]} {[%emt 00:00:05]} 61. Re8+ {[%clk 00:44:13]} {[%emt
00:01:37]} Kh7 {[%clk 00:26:35]} {[%emt 00:00:59]} 62. Re7+ {[%clk 00:44:37]}
{[%emt 00:00:06]} Kh6 {[%clk 00:24:31]} {[%emt 00:02:35]} 63. Bc3 {[%clk
00:44:53]} {[%emt 00:00:14]} Re1+ {[%clk 00:24:32]} {[%emt 00:00:29]} 64. Bxe1
{[%clk 00:45:21]} {[%emt 00:00:01]} a1=Q {[%clk 00:24:52]} {[%emt 00:00:10]} 65.
Kf2 {[%clk 00:42:53]} {[%emt 00:02:58]} Qd4+ {[%clk 00:22:47]} {[%emt
00:02:35]} 66. Re3 {[%clk 00:42:45]} {[%emt 00:00:38]} Kg5 {[%clk 00:23:02]}
{[%emt 00:00:16]} 67. Bc3 {[%clk 00:41:14]} {[%emt 00:02:00]} Qc5 {[%clk
00:22:20]} {[%emt 00:01:13]} 68. Ke2 {[%clk 00:41:33]} {[%emt 00:00:11]} Kxf5
{[%clk 00:20:48]} {[%emt 00:02:01]} 69. Bd2 {[%clk 00:41:30]} {[%emt 00:00:32]}
Qc4+ {[%clk 00:21:06]} {[%emt 00:00:13]} 70. Kf2 {[%clk 00:41:40]} {[%emt
00:00:19]} Qc2 {[%clk 00:20:07]} {[%emt 00:01:30]} 71. Rf3+ {[%clk 00:41:57]}
{[%emt 00:00:13]} Ke4 {[%clk 00:19:32]} {[%emt 00:01:06]} 72. Re3+ {[%clk
00:42:20]} {[%emt 00:00:06]} Kd4 {[%clk 00:18:12]} {[%emt 00:01:50]} 73. Ke2
{[%clk 00:41:47]} {[%emt 00:01:03]} f5 {[%clk 00:16:27]} {[%emt 00:02:15]} 74.
Rf3 {[%clk 00:41:55]} {[%emt 00:00:22]} Qb1 {[%clk 00:14:02]} {[%emt 00:02:56]}
75. Rf4+ {[%clk 00:40:23]} {[%emt 00:02:02]} Ke5 {[%clk 00:14:25]} {[%emt
00:00:06]} 76. Rf3 {[%clk 00:40:45]} {[%emt 00:00:08]} Qh1 {[%clk 00:14:35]}
{[%emt 00:00:20]} 77. Re3+ {[%clk 00:40:00]} {[%emt 00:01:15]} Kd5 {[%clk
00:14:54]} {[%emt 00:00:11]} 78. Rd3+ {[%clk 00:40:16]} {[%emt 00:00:13]} Ke6
{[%clk 00:15:23]} {[%emt 00:00:02]} 79. Re3+ {[%clk 00:40:35]} {[%emt
00:00:11]} Kf7 {[%clk 00:15:47]} {[%emt 00:00:06]} 80. Rf3 {[%clk 00:40:41]}
{[%emt 00:00:24]} Qg2+ {[%clk 00:16:07]} {[%emt 00:00:10]} 81. Ke3 {[%clk
00:41:03]} {[%emt 00:00:08]} Ke6 {[%clk 00:16:10]} {[%emt 00:00:27]} 82. Be1
{[%clk 00:41:11]} {[%emt 00:00:21]} Qg1+ {[%clk 00:15:39]} {[%emt 00:01:02]} 83.
Ke2 {[%clk 00:41:34]} {[%emt 00:00:07]} Qh2+ {[%clk 00:15:29]} {[%emt
00:00:40]} 84. Ke3 {[%clk 00:41:26]} {[%emt 00:00:37]} Qc2 {[%clk 00:15:44]}
{[%emt 00:00:15]} 85. Bd2 {[%clk 00:41:41]} {[%emt 00:00:15]} Qd1 {[%clk
00:15:46]} {[%emt 00:00:28]} 86. Bc3 {[%clk 00:41:14]} {[%emt 00:00:57]} Qc2
{[%clk 00:13:06]} {[%emt 00:03:10]} 87. Bd2 {[%clk 00:41:42]} {[%emt 00:00:01]}
Qd1 {[%clk 00:12:16]} {[%emt 00:01:21]} 88. Bc3 {[%clk 00:41:59]} {[%emt
00:00:13]} h4 {[%clk 00:12:34]} {[%emt 00:00:12]} 89. Kf2 {[%clk 00:41:42]}
{[%emt 00:00:46]} Qc2+ {[%clk 00:12:46]} {[%emt 00:00:19]} 90. Kf1 {[%clk
00:40:41]} {[%emt 00:01:31]} Kd5 {[%clk 00:13:02]} {[%emt 00:00:14]} 91. Be1
{[%clk 00:40:22]} {[%emt 00:00:48]} Qc4+ {[%clk 00:11:08]} {[%emt 00:02:25]} 92.
Kf2 {[%clk 00:40:13]} {[%emt 00:00:39]} Qd4+ {[%clk 00:11:05]} {[%emt
00:00:33]} 93. Ke2 {[%clk 00:40:34]} {[%emt 00:00:08]} Ke4 {[%clk 00:10:56]}
{[%emt 00:00:39]} 94. Rc3 {[%clk 00:40:29]} {[%emt 00:00:35]} f4 {[%clk
00:10:58]} {[%emt 00:00:28]} 95. Bd2 {[%clk 00:40:33]} {[%emt 00:00:26]} Qd5
{[%clk 00:10:23]} {[%emt 00:01:06]} 96. Ke1 {[%clk 00:39:29]} {[%emt 00:01:33]}
Qg8 {[%clk 00:07:28]} {[%emt 00:03:26]} 97. Kf2 {[%clk 00:39:38]} {[%emt
00:00:21]} Qe6 {[%clk 00:07:17]} {[%emt 00:00:40]} 98. Ke2 {[%clk 00:36:46]}
{[%emt 00:03:21]} Qa2 {[%clk 00:07:12]} {[%emt 00:00:35]} 99. Ke1 {[%clk
00:36:59]} {[%emt 00:00:17]} Qd5 {[%clk 00:07:40]} {[%emt 00:00:03]} 100. Ra3
{[%clk 00:36:15]} {[%emt 00:01:13]} Qd4 {[%clk 00:07:26]} {[%emt 00:00:45]} 101.
Ke2 {[%clk 00:36:34]} {[%emt 00:00:11]} Qc4+ {[%clk 00:07:37]} {[%emt
00:00:18]} 102. Ke1 {[%clk 00:36:55]} {[%emt 00:00:09]} Qc5 {[%clk 00:06:14]}
{[%emt 00:01:54]} 103. Rc3 {[%clk 00:36:01]} {[%emt 00:01:23]} Qg1+ {[%clk
00:06:24]} {[%emt 00:00:19]} 104. Ke2 {[%clk 00:36:29]} {[%emt 00:00:02]} Qg2+
{[%clk 00:06:31]} {[%emt 00:00:23]} 105. Kd1 {[%clk 00:36:41]} {[%emt
00:00:17]} f3 {[%clk 00:06:27]} {[%emt 00:00:35]} 106. Rc4+ {[%clk 00:36:33]}
{[%emt 00:00:37]} Kd5 {[%clk 00:06:35]} {[%emt 00:00:23]} 0-1